000 00339nam a2200145Ia 4500
008 230711s9999||||xx |||||||||||||| ||und||
041 _aENG
082 _a621
_bIR-T
100 _aIrvine,Mat
245 0 _aT.V and video
250 _a1st
260 _c1983
_aNew York
_bFranklin Watt Cass
650 _aElectronics Engineering
942 _cBK
999 _c1129
_d1129